[Event "ISR-chT"]
[Site "Israel"]
[Date "2024.02.16"]
[Round "7.17"]
[White "Lavi, Idan"]
[Black "Mordechai, Hanan"]
[Result "0-1"]
[WhiteElo "2105"]
[BlackElo "2329"]
[PlyCount "68"]
[EventDate "2024.01.10"]
[EventType "team-tourn"]
[EventRounds "11"]
[EventCountry "ISR"]
[SourceTitle "CB09_2024"]
[SourceDate "2024.02.28"]
[SourceVersion "1"]
[SourceVersionDate "2024.02.28"]
[SourceQuality "1"]
[WhiteTeam "Herzliya Haim"]
[BlackTeam "Ramat Gan Etiod"]
[WhiteTeamCountry "ISR"]
[BlackTeamCountry "ISR"]

1. e4 c6 2. d4 d5 3. exd5 cxd5 4. c4 Nf6 5. Nc3 Nc6 6. Nf3 e6 7. Bg5 Be7 8. Be2 dxc4 9. Bxc4 0-0 10. 0-0 h6 11. Be3 b6 12. Qe2 Nb4 13. Ne5 Bb7 14. Rad1 a6 15. Rfe1 b5 16. Bb3 Nbd5 17. Bc1 b4 18. Nxd5 Nxd5 19. Qe4 f5 20. Qe2 Rf6 21. Nd3 Bd6 22. Nc5 Bxc5 23. dxc5 Qc7 24. Be3 Rg6 25. f3 Rf8 26. Rd2 Rc8 27. Bd4 Qf4 28. Be5 Qg5 29. Rc2 Kh7 30. Bd6 Bc6 31. Qxa6 Ne3 32. Qxc8 Nxc2 33. Bg3 Nxe1 34. Bxe6 Qe3+ 0-1

[Event "ISR-chT"]
[Site "Israel"]
[Date "2024.02.10"]
[Round "6.17"]
[White "Mordechai, Hanan"]
[Black "Bronstein, Or"]
[Result "0-1"]
[WhiteElo "2329"]
[BlackElo "2443"]
[PlyCount "76"]
[EventDate "2024.01.10"]
[EventType "team-tourn"]
[EventRounds "11"]
[EventCountry "ISR"]
[SourceTitle "CB09_2024"]
[SourceDate "2024.02.28"]
[SourceVersion "1"]
[SourceVersionDate "2024.02.28"]
[SourceQuality "1"]
[WhiteTeam "Ramat Gan Etiod"]
[BlackTeam "Rishon Le Zion"]
[WhiteTeamCountry "ISR"]
[BlackTeamCountry "ISR"]

1. e4 c5 2. Nc3 d6 3. Nge2 Nf6 4. g3 Nc6 5. Bg2 g6 6. 0-0 Bg7 7. d3 0-0 8. f4 Rb8 9. h3 Bd7 10. g4 b5 11. Ng3 b4 12. Nce2 Ne8 13. f5 a5 14. h4 a4 15. Rb1 Nc7 16. h5 Ne5 17. g5 Nb5 18. c4 bxc3 19. bxc3 Qa5 20. f6 exf6 21. gxf6 Bh8 22. Bh6 Nxc3 23. Nxc3 Qxc3 24. Bxf8 Rxf8 25. Ne2 Qa5 26. Qc1 Qd8 27. Qf4 Be6 28. Nc3 Nd7 29. Qxd6 Bxf6 30. Ne2 Be5 31. Qc6 Qh4 32. Rf2 Bh2+ 33. Kf1 Ne5 34. Qxa4 Nxd3 35. Rf3 Ne5 36. Rf2 Nc4 37. Ke1 Qg5 38. Rd1 Nb2 0-1

[Event "Titled Tuesday intern op 06th Feb Early"]
[Site "Chess.com INT"]
[Date "2024.02.06"]
[Round "1"]
[White "Paravyan, David"]
[Black "Mordechai, Hanan"]
[Result "1-0"]
[WhiteElo "2612"]
[BlackElo "2329"]
[PlyCount "63"]
[EventDate "2024.02.06"]
[EventType "swiss (blitz)"]
[EventRounds "11"]
[EventCountry "USA"]
[SourceTitle "CB07_2024"]
[SourceDate "2024.02.14"]
[SourceVersion "1"]
[SourceVersionDate "2024.02.14"]
[SourceQuality "1"]

1. e4 c5 2. Nf3 e6 3. d4 cxd4 4. Nxd4 a6 5. Qe2 Nc6 6. Nxc6 bxc6 7. e5 c5 8. Nd2 Bb7 9. Nc4 d5 10. exd6 Bxd6 11. Qg4 g6 12. Bg5 Be7 13. Rd1 Bd5 14. Bxe7 Qxe7 15. Nb6 Rb8 16. Qa4+ Kd8 17. Qxa6 Kc7 18. Nxd5+ exd5+ 19. Be2 Nf6 20. 0-0 Rb6 21. Qa7+ Rb7 22. Qa5+ Kb8 23. Bf3 Rd8 24. Rfe1 Qc7 25. Qc3 d4 26. Qd3 Rxb2 27. Rb1 Qb6 28. Rxb2 Qxb2 29. c3 Qxc3 30. Qb5+ Kc7 31. Qb7+ Kd6 32. Qc6# 1-0

[Event "ISR-chT"]
[Site "Israel"]
[Date "2024.01.10"]
[Round "1.17"]
[White "Mordechai, Hanan"]
[Black "Bakalchuk, Johnatan"]
[Result "0-1"]
[WhiteElo "2329"]
[BlackElo "2451"]
[PlyCount "66"]
[EventDate "2024.01.10"]
[EventType "team-tourn"]
[EventRounds "11"]
[EventCountry "ISR"]
[SourceTitle "CB09_2024"]
[SourceDate "2024.02.28"]
[SourceVersion "1"]
[SourceVersionDate "2024.02.28"]
[SourceQuality "1"]
[WhiteTeam "Ramat Gan Etiod"]
[BlackTeam "Ramat Gan Etude"]
[WhiteTeamCountry "ISR"]
[BlackTeamCountry "ISR"]

1. e4 c5 2. Nf3 g6 3. d4 cxd4 4. Nxd4 Bg7 5. Nc3 Nc6 6. Be3 Nf6 7. Bc4 0-0 8. Bb3 d5 9. exd5 Na5 10. 0-0 Nxb3 11. Nxb3 b6 12. d6 exd6 13. Bd4 Bf5 14. Qd2 Rc8 15. a4 Re8 16. a5 b5 17. Bxa7 b4 18. Nb5 Rxc2 19. Qxd6 Rxb2 20. N3d4 Ne4 21. Qxd8 Rxd8 22. Nc6 Rd7 23. a6 Nc3 24. Rfe1 Nxb5 25. Re8+ Bf8 26. Bc5 Ra2 27. Rxf8+ Kg7 28. Re1 b3 29. Nb4 Re2 30. Rf1 b2 31. Rb8 b1Q 32. Rxb1 Bxb1 33. h3 Be4 0-1

[Event "Titled Tuesday intern op 26th Sep Late"]
[Site "Chess.com INT"]
[Date "2023.09.26"]
[Round "2"]
[White "Kilic, Eray"]
[Black "Mordechai, Hanan"]
[Result "1-0"]
[WhiteElo "2432"]
[BlackElo "2380"]
[PlyCount "59"]
[EventDate "2023.09.26"]
[EventType "swiss (blitz)"]
[EventRounds "11"]
[EventCountry "USA"]
[SourceTitle "EXT 2024"]
[Source "ChessBase"]
[SourceDate "2023.10.10"]
[SourceVersion "1"]
[SourceVersionDate "2023.10.10"]
[SourceQuality "1"]

1. d4 Nf6 2. Nc3 c5 3. d5 g6 4. e4 d6 5. g3 Bg7 6. Bg2 0-0 7. Nge2 Na6 8. 0-0 Nc7 9. a4 b6 10. f4 a6 11. h3 Bb7 12. g4 b5 13. g5 Nd7 14. f5 b4 15. Nb1 c4 16. Nd2 Ne5 17. Nd4 a5 18. N2f3 Nxf3+ 19. Rxf3 Na6 20. Be3 Nc5 21. Rf4 Rc8 22. Qf1 Ba6 23. Qf3 Nd7 24. Nc6 Rxc6 25. dxc6 Ne5 26. Qf2 Nxc6 27. f6 exf6 28. gxf6 Bh8 29. Rd1 Ne5 30. Bd4 1-0

[Event "Titled Tuesday intern op 12th Sep Early"]
[Site "Chess.com INT"]
[Date "2023.09.12"]
[Round "1"]
[White "Mordechai, Hanan"]
[Black "Hansen, Eric"]
[Result "0-1"]
[WhiteElo "2380"]
[BlackElo "2609"]
[PlyCount "46"]
[EventDate "2023.09.12"]
[EventType "swiss (blitz)"]
[EventRounds "11"]
[EventCountry "USA"]
[SourceTitle "EXT 2024"]
[Source "ChessBase"]
[SourceDate "2023.10.10"]
[SourceVersion "1"]
[SourceVersionDate "2023.10.10"]
[SourceQuality "1"]

1. e4 e5 2. Nf3 Nc6 3. d4 exd4 4. Nxd4 Bc5 5. Nxc6 Qf6 6. Qf3 dxc6 7. Nc3 Be6 8. Be3 Bb4 9. Bd2 0-0-0 10. Bd3 Ne7 11. Qxf6 gxf6 12. a3 Bd6 13. 0-0-0 h5 14. f4 h4 15. Be2 Rdg8 16. Bf3 Bg4 17. Rhe1 Bxf3 18. gxf3 Ng6 19. Ne2 h3 20. Bc3 Be7 21. Rg1 Nh4 22. Rdf1 Rg2 23. Ng3 Nxf3 0-1

[Event "Jerusalem Summer"]
[Site "Jerusalem"]
[Date "2023.08.28"]
[Round "6"]
[White "Haimovich, Tal"]
[Black "Mordechai, Hanan"]
[Result "1-0"]
[WhiteElo "2359"]
[BlackElo "2380"]
[PlyCount "107"]
[EventDate "2023.08.23"]
[EventType "tourn"]
[EventRounds "9"]
[EventCountry "ISR"]
[EventCategory "7"]
[SourceTitle "EXT 2024"]
[Source "ChessBase"]
[SourceDate "2023.10.10"]
[SourceVersion "1"]
[SourceVersionDate "2023.10.10"]
[SourceQuality "1"]

1. e4 c5 2. Nf3 d6 3. d4 cxd4 4. Nxd4 Nf6 5. Nc3 g6 6. Be3 Bg7 7. Be2 0-0 8. 0-0 Nc6 9. Qd2 d5 10. exd5 Nxd5 11. Nxc6 bxc6 12. Rad1 Qc7 13. Nxd5 cxd5 14. c3 Rd8 15. Bf3 Bb7 16. Rfe1 e5 17. Bg5 Rd7 18. Be2 Qc6 19. Bh6 Bh8 20. Qd3 Re8 21. Qb5 Qe6 22. Qa4 a6 23. Bf1 Red8 24. Be3 Qf6 25. Qa5 Bg7 26. Re2 h6 27. Bb6 Rc8 28. Red2 h5 29. Be3 h4 30. h3 Bf8 31. Qa4 Rcd8 32. Qg4 Be7 33. f4 Bd6 34. Bf2 Qxf4 35. Qxf4 exf4 36. Bxh4 Bc5+ 37. Bf2 Bxf2+ 38. Kxf2 g5 39. Be2 f5 40. Rd4 Kf7 41. h4 gxh4 42. Rxf4 Rh8 43. Rxf5+ Kg6 44. Rf4 Kg5 45. Rdd4 h3 46. gxh3 Rxh3 47. Bg4 Rh2+ 48. Kg3 Rdh7 49. Rb4 Ba8 50. Rf5+ Kg6 51. Rb6+ Kg7 52. Rxa6 Rxb2 53. Rxa8 Rh1 54. Kf4 1-0

[Event "Titled Tuesday intern op 15th Aug Early"]
[Site "Chess.com INT"]
[Date "2023.08.15"]
[Round "2"]
[White "Jahnz, Fabian"]
[Black "Mordechai, Hanan"]
[Result "1-0"]
[WhiteElo "2268"]
[BlackElo "2380"]
[PlyCount "53"]
[EventDate "2023.08.15"]
[EventType "swiss (blitz)"]
[EventRounds "11"]
[EventCountry "USA"]
[SourceTitle "EXT 2024"]
[Source "ChessBase"]
[SourceDate "2023.10.10"]
[SourceVersion "1"]
[SourceVersionDate "2023.10.10"]
[SourceQuality "1"]

1. e4 c5 2. Nf3 d6 3. Bb5+ Bd7 4. Bxd7+ Qxd7 5. 0-0 Nf6 6. Qe2 Nc6 7. Rd1 e5 8. c3 Be7 9. d4 Qc7 10. d5 Nd8 11. c4 0-0 12. Nc3 Ne8 13. a3 f5 14. b4 b6 15. exf5 Rxf5 16. Qe4 g6 17. Nh4 Rf7 18. Rf1 Nf6 19. Qd3 Nh5 20. Nxg6 hxg6 21. Qxg6+ Ng7 22. f4 Nb7 23. f5 Bf6 24. Ne4 Raf8 25. Bg5 Qe7 26. Rf3 Bxg5 27. Nxg5 1-0

[Event "Titled Tuesday intern op 15th Aug Early"]
[Site "Chess.com INT"]
[Date "2023.08.15"]
[Round "1"]
[White "Mordechai, Hanan"]
[Black "Nihal, Sarin"]
[Result "0-1"]
[WhiteElo "2380"]
[BlackElo "2684"]
[PlyCount "58"]
[EventDate "2023.08.15"]
[EventType "swiss (blitz)"]
[EventRounds "11"]
[EventCountry "USA"]
[SourceTitle "EXT 2024"]
[Source "ChessBase"]
[SourceDate "2023.10.10"]
[SourceVersion "1"]
[SourceVersionDate "2023.10.10"]
[SourceQuality "1"]

1. e4 c5 2. Nf3 b6 3. d4 cxd4 4. Nxd4 Bb7 5. Nc3 Nc6 6. Be3 e6 7. Qd2 Nf6 8. 0-0-0 Nxd4 9. Bxd4 Nxe4 10. Nxe4 Bxe4 11. Bb5 Bc6 12. Bxc6 dxc6 13. Qc3 Rc8 14. f4 Qh4 15. g3 Qh6 16. Rhe1 Rg8 17. Bxb6 Be7 18. Qd2 Kf8 19. Qd7 Re8 20. Qxc6 axb6 21. Rd7 g6 22. Qc7 Qxh2 23. f5 gxf5 24. Red1 Qxg3 25. Rxe7 Qe3+ 26. Kb1 Rxe7 27. Rd8+ Kg7 28. Rxg8+ Kxg8 29. Qd8+ Kg7 0-1

[Event "Titled Tuesday intern op 25th Jul Late"]
[Site "Chess.com INT"]
[Date "2023.07.25"]
[Round "2"]
[White "Rodrigue Lemieux, Shawn"]
[Black "Mordechai, Hanan"]
[Result "1-0"]
[WhiteElo "2495"]
[BlackElo "2380"]
[PlyCount "75"]
[EventDate "2023.07.25"]
[EventType "swiss (blitz)"]
[EventRounds "11"]
[EventCountry "USA"]
[SourceTitle "EXT 2024"]
[Source "ChessBase"]
[SourceDate "2023.10.10"]
[SourceVersion "1"]
[SourceVersionDate "2023.10.10"]
[SourceQuality "1"]

1. e3 g6 2. d3 Bg7 3. Ne2 d5 4. Nd2 c5 5. Nb3 Nc6 6. Ng3 Nf6 7. Bd2 b6 8. Be2 Bb7 9. 0-0 h5 10. h3 h4 11. Nh1 0-0 12. f4 Rc8 13. Be1 d4 14. e4 c4 15. Nd2 cxd3 16. Bxd3 Nb4 17. Bxh4 Qc7 18. Bxf6 Bxf6 19. Nb3 Nxd3 20. cxd3 Qc2 21. Rf2 Qc7 22. Ng3 Bh4 23. Qg4 Bxg3 24. Qxg3 a5 25. Raf1 a4 26. Nd2 Ba6 27. Rf3 Qc2 28. R1f2 Qd1+ 29. Kh2 Rc1 30. Qg5 Bc8 31. f5 Qh1+ 32. Kg3 Rg1 33. Kh4 Kg7 34. f6+ exf6 35. Qxf6+ Kg8 36. Kg5 Rxg2+ 37. Kh6 Qxh3+ 38. Rxh3 1-0

[Event "ISR-chT"]
[Site "Israel"]
[Date "2023.05.06"]
[Round "10.3"]
[White "Mordechai, Hanan"]
[Black "Milikow, Yoav"]
[Result "1-0"]
[WhiteElo "2353"]
[BlackElo "2416"]
[PlyCount "85"]
[EventDate "2023.01.11"]
[EventType "team-tourn"]
[EventRounds "11"]
[EventCountry "ISR"]
[SourceTitle "EXT 2024"]
[Source "ChessBase"]
[SourceDate "2023.10.10"]
[SourceVersion "1"]
[SourceVersionDate "2023.10.10"]
[SourceQuality "1"]
[WhiteTeam "Ramat Gan II"]
[BlackTeam "Kfar Saba"]
[WhiteTeamCountry "ISR"]
[BlackTeamCountry "ISR"]

1. Nf3 d5 2. g3 Nf6 3. Bg2 g6 4. 0-0 Bg7 5. d3 0-0 6. Nbd2 Nc6 7. e4 dxe4 8. dxe4 a5 9. Re1 a4 10. a3 h6 11. Qe2 Bg4 12. h3 Be6 13. Nf1 Qc8 14. Kh2 Rd8 15. Bd2 Nd7 16. Rad1 Nb6 17. e5 Kh7 18. Bc3 Nd5 19. Bd2 Nb6 20. Bc3 Nd5 21. Bd2 Nb6 22. Bf4 Ra5 23. Rxd8 Qxd8 24. Bd2 Rc5 25. Ne3 Nd5 26. Nxd5 Bxd5 27. Bc3 Qe8 28. Qe3 Rb5 29. Qf4 Qa8 30. Bf1 Rc5 31. h4 Qa7 32. Kg1 Kg8 33. h5 gxh5 34. Nd4 e6 35. Qh4 Rxc3 36. bxc3 Qc5 37. Nxc6 Bxc6 38. Qd4 Qxa3 39. Rd1 Bf8 40. Bg2 Qa2 41. Bxc6 bxc6 42. Qf4 Qxc2 43. Rd8 1-0

[Event "Titled Tuesday intern op 25th Apr Early"]
[Site "Chess.com INT"]
[Date "2023.04.25"]
[Round "3"]
[White "Marin, Sebastian"]
[Black "Mordechai, Hanan"]
[Result "1-0"]
[WhiteElo "2269"]
[BlackElo "2366"]
[PlyCount "123"]
[EventDate "2023.04.25"]
[EventType "swiss (blitz)"]
[EventRounds "11"]
[EventCountry "USA"]
[SourceTitle "EXT 2024"]
[Source "ChessBase"]
[SourceDate "2023.10.10"]
[SourceVersion "1"]
[SourceVersionDate "2023.10.10"]
[SourceQuality "1"]

1. e4 c5 2. Nf3 d6 3. d4 cxd4 4. Nxd4 Nf6 5. Nc3 g6 6. Be3 Bg7 7. f3 0-0 8. Bc4 Nc6 9. Bb3 Bd7 10. Qd2 Na5 11. 0-0-0 Rb8 12. Bg5 b5 13. Nde2 Nc4 14. Qd3 Be6 15. Nd4 Ne5 16. Qd2 Bxb3 17. Nxb3 a5 18. Bxf6 Bxf6 19. Nd5 Bg7 20. Qxa5 Nc4 21. Qxd8 Bxb2+ 22. Kb1 Rbxd8 23. Nxe7+ Kg7 24. Nd2 Bf6 25. Nxc4 bxc4 26. Nd5 Rb8+ 27. Kc1 Bb2+ 28. Kd2 f5 29. Rhe1 Ra8 30. Nc7 Rxa2 31. Ne6+ Kf7 32. Nxf8 Kxf8 33. exf5 gxf5 34. Re6 Be5 35. g3 Kf7 36. Rh6 Kg7 37. Rh4 d5 38. Re1 Bf6 39. Rh5 Kg6 40. g4 d4 41. Rxf5 d3 42. Rc1 Bd8 43. Rc5 Ba5+ 44. Rxa5 Rxa5 45. cxd3 cxd3 46. Kxd3 Ra3+ 47. Ke4 Ra2 48. h4 Ra4+ 49. Ke3 Ra2 50. Kf4 Ra4+ 51. Kg3 Ra6 52. Rc5 Rb6 53. Rf5 Ra6 54. Rf4 Rb6 55. Re4 Ra6 56. Rd4 Rb6 57. Ra4 Rc6 58. h5+ Kh6 59. f4 Rc1 60. Ra6+ Kg7 61. Kh4 Rc5 62. g5 1-0

[Event "Titled Tuesday intern op 11th Apr Early"]
[Site "Chess.com INT"]
[Date "2023.04.11"]
[Round "11"]
[White "Mordechai, Hanan"]
[Black "Makhmudov, Shukhrat"]
[Result "1-0"]
[WhiteElo "2366"]
[BlackElo "2115"]
[PlyCount "129"]
[EventDate "2023.04.11"]
[EventType "swiss (blitz)"]
[EventRounds "11"]
[EventCountry "USA"]
[SourceTitle "CBM 213 Extra"]
[Source "ChessBase"]
[SourceDate "2023.05.31"]
[SourceVersion "1"]
[SourceVersionDate "2023.05.31"]
[SourceQuality "1"]

1. Nf3 d5 2. c4 e6 3. g3 Nf6 4. Bg2 c6 5. 0-0 Be7 6. d4 0-0 7. Nc3 Nbd7 8. Nd2 b6 9. e4 dxe4 10. Ndxe4 Nxe4 11. Nxe4 Bb7 12. Bf4 c5 13. Nf6+ Nxf6 14. Bxb7 Rb8 15. Bxb8 Qxb8 16. Bg2 Rd8 17. d5 exd5 18. cxd5 Bd6 19. Qb3 b5 20. Rad1 c4 21. Qf3 Qb6 22. Rfe1 a5 23. g4 h6 24. h4 Nd7 25. Qf5 Ne5 26. Rxe5 Bxe5 27. Qxe5 b4 28. d6 c3 29. bxc3 bxc3 30. Qxc3 Rxd6 31. Qc8+ Kh7 32. Qf5+ Kg8 33. Rxd6 Qxd6 34. Be4 g6 35. Qd5 Qf4 36. Bf3 a4 37. Kg2 a3 38. Qa8+ Kg7 39. Qxa3 h5 40. Qe3 Qf6 41. g5 Qa6 42. Qd4+ Kh7 43. a4 Qe6 44. Qf4 Qa2 45. Be4 Kg8 46. Bf3 Kh7 47. a5 Kg8 48. Qb4 Kh7 49. Qb5 Qa1 50. Qd5 Kg8 51. Qd8+ Kh7 52. Qb6 Qa4 53. Kg3 Qa1 54. a6 Qg1+ 55. Bg2 Qa1 56. a7 Qe5+ 57. Kh3 Qf5+ 58. Kh2 Qf4+ 59. Kg1 Qc1+ 60. Bf1 Qc8 61. Qd4 Qc6 62. Bg2 Qc1+ 63. Kh2 Qc7+ 64. f4 Qc8 65. a8Q 1-0

[Event "Titled Tuesday intern op 11th Apr Late"]
[Site "Chess.com INT"]
[Date "2023.04.11"]
[Round "5"]
[White "Mordechai, Hanan"]
[Black "Stanisz, Patryk"]
[Result "1-0"]
[WhiteElo "2366"]
[BlackElo "2161"]
[PlyCount "115"]
[EventDate "2023.04.11"]
[EventType "swiss (blitz)"]
[EventRounds "11"]
[EventCountry "USA"]
[SourceTitle "CBM 213 Extra"]
[Source "ChessBase"]
[SourceDate "2023.05.31"]
[SourceVersion "1"]
[SourceVersionDate "2023.05.31"]
[SourceQuality "1"]

1. e4 c5 2. Nf3 Nc6 3. Bb5 g6 4. Bxc6 dxc6 5. Nc3 Bg7 6. 0-0 Nf6 7. Qe2 Bg4 8. h3 Bxf3 9. Qxf3 Nd7 10. d3 e5 11. a4 a5 12. Be3 Qe7 13. Qg3 Nf8 14. f4 exf4 15. Bxf4 0-0-0 16. Rae1 Ne6 17. Bd2 Bd4+ 18. Kh1 f6 19. Ne2 Be5 20. Qf2 b6 21. Nf4 Nxf4 22. Bxf4 Rhf8 23. Qe2 Kb7 24. c3 Qd6 25. Bxe5 fxe5 26. Rxf8 Rxf8 27. Rf1 Rf6 28. Rf3 Qf8 29. Kh2 Qf7 30. c4 Rf4 31. Qf2 g5 32. Qg3 h6 33. Rxf4 exf4 34. Qf3 Qf6 35. Qe2 Qd4 36. e5 Kc7 37. e6 Kd8 38. Qh5 Qf6 39. h4 Qxe6 40. hxg5 hxg5 41. Qxg5+ Kd7 42. Qxf4 Qe2 43. Qf7+ Kd8 44. Qf8+ Kd7 45. Qf5+ Kd8 46. b3 Qd1 47. g4 Qxb3 48. g5 Qc2+ 49. Kh3 Qd1 50. g6 Qh1+ 51. Kg4 Qg1+ 52. Kh5 Qh2+ 53. Kg5 Qg2+ 54. Kf6 Qg3 55. g7 Qh4+ 56. Qg5 Qd4+ 57. Kg6+ Kc7 58. g8Q 1-0

[Event "Titled Tuesday intern op 11th Apr Late"]
[Site "Chess.com INT"]
[Date "2023.04.11"]
[Round "3"]
[White "Mordechai, Hanan"]
[Black "Torres Hernandez, Leslie Carolin"]
[Result "1-0"]
[WhiteElo "2366"]
[BlackElo "1861"]
[PlyCount "107"]
[EventDate "2023.04.11"]
[EventType "swiss (blitz)"]
[EventRounds "11"]
[EventCountry "USA"]
[SourceTitle "CBM 213 Extra"]
[Source "ChessBase"]
[SourceDate "2023.05.31"]
[SourceVersion "1"]
[SourceVersionDate "2023.05.31"]
[SourceQuality "1"]

1. Nf3 Nf6 2. Ng1 g6 3. Nf3 Bg7 4. g3 0-0 5. Bg2 d5 6. 0-0 Re8 7. d4 b6 8. Bf4 Bb7 9. c3 Nbd7 10. Nbd2 e6 11. Ne5 c5 12. a4 Nxe5 13. Bxe5 Nd7 14. Bxg7 Kxg7 15. a5 Qf6 16. a6 Bc6 17. Nf3 Rab8 18. Qd2 h6 19. Rfc1 c4 20. Ne1 b5 21. Nc2 Nb6 22. Nb4 Ba8 23. Qc2 Na4 24. Ra2 e5 25. dxe5 Qxe5 26. e3 Nc5 27. Rd1 Rbd8 28. Raa1 Nb3 29. Rab1 Rd6 30. h4 Red8 31. Re1 Nc5 32. Ra1 Nb3 33. Rad1 Nc5 34. Qe2 Nxa6 35. Nxa6 Rxa6 36. Rd4 Rad6 37. Red1 f5 38. R1d2 Bb7 39. Qd1 a6 40. Qa1 g5 41. hxg5 hxg5 42. Qd1 Rh6 43. e4 fxe4 44. Rxe4 Qf6 45. Re3 Rf8 46. Qe1 d4 47. Rxd4 Bxg2 48. Kxg2 Qc6+ 49. Ree4 Rhf6 50. Rd2 Rxf2+ 51. Rxf2 Rxf2+ 52. Kxf2 Qf6+ 53. Kg2 Qh6 54. Qe3 1-0

[Event "ISR-chT"]
[Site "Israel"]
[Date "2023.02.10"]
[Round "7.2"]
[White "Huzman, Alexander"]
[Black "Mordechai, Hanan"]
[Result "1/2-1/2"]
[WhiteElo "2526"]
[BlackElo "2353"]
[PlyCount "105"]
[EventDate "2023.01.11"]
[EventType "team-tourn"]
[EventRounds "11"]
[EventCountry "ISR"]
[SourceTitle "EXT 2024"]
[Source "ChessBase"]
[SourceDate "2023.10.10"]
[SourceVersion "1"]
[SourceVersionDate "2023.10.10"]
[SourceQuality "1"]
[WhiteTeam "Beer Sheva"]
[BlackTeam "Ramat Gan II"]
[WhiteTeamCountry "ISR"]
[BlackTeamCountry "ISR"]

1. Nf3 Nf6 2. c4 c6 3. Nc3 d5 4. e3 e6 5. b3 Nbd7 6. Bb2 Bd6 7. d4 0-0 8. Bd3 Re8 9. Qc2 dxc4 10. Bxc4 b5 11. Bd3 Bb7 12. 0-0 a6 13. Ng5 h6 14. Nge4 Bf8 15. Nxf6+ Nxf6 16. Rfd1 Qb6 17. a4 Rac8 18. Qe2 Bd6 19. h3 e5 20. Ne4 Nxe4 21. Bxe4 c5 22. dxc5 Bxc5 23. Bf5 Rb8 24. axb5 axb5 25. Rac1 b4 26. Qg4 Bf8 27. Be4 Bxe4 28. Qxe4 Rbd8 29. Qc4 Rxd1+ 30. Rxd1 Qe6 31. Qxe6 Rxe6 32. Kf1 f6 33. Ke2 Kf7 34. Rd7+ Be7 35. Rc7 Ra6 36. Kd3 Ke6 37. g4 Rd6+ 38. Kc2 h5 39. gxh5 Rd8 40. f4 exf4 41. exf4 Rd5 42. Bc1 Rxh5 43. Bd2 g6 44. Rc4 Kf5 45. Rc7 Ke6 46. Rc4 Rxh3 47. Re4+ Kf7 48. Bxb4 Bxb4 49. Rxb4 Ke6 50. Rd4 g5 51. fxg5 fxg5 52. b4 Rh4 53. Kd3 1/2-1/2

[Event "ISR-chT"]
[Site "Israel"]
[Date "2023.02.03"]
[Round "5.4"]
[White "Mordechai, Hanan"]
[Black "Sokolovsky, Yahli"]
[Result "0-1"]
[WhiteElo "2353"]
[BlackElo "2431"]
[PlyCount "161"]
[EventDate "2023.01.11"]
[EventType "team-tourn"]
[EventRounds "11"]
[EventCountry "ISR"]
[SourceTitle "EXT 2024"]
[Source "ChessBase"]
[SourceDate "2023.10.10"]
[SourceVersion "1"]
[SourceVersionDate "2023.10.10"]
[SourceQuality "1"]
[WhiteTeam "Ramat Gan II"]
[BlackTeam "Beer Sheva II"]
[WhiteTeamCountry "ISR"]
[BlackTeamCountry "ISR"]

1. e4 e5 2. Nf3 Nc6 3. d4 exd4 4. Nxd4 Bc5 5. Nb3 Bb6 6. Nc3 Nf6 7. Qe2 a5 8. e5 0-0 9. exf6 a4 10. Be3 Bxe3 11. fxe3 axb3 12. cxb3 Qxf6 13. Qf3 Qg6 14. Be2 Ne5 15. Qd5 Qg5 16. Ne4 Qh4+ 17. g3 Qe7 18. 0-0 d6 19. Nc3 Bd7 20. e4 Bh3 21. Rf2 Rab8 22. Qd2 Be6 23. Rc1 Ra8 24. Bd1 h6 25. a3 c6 26. b4 Nc4 27. Qf4 f5 28. Bb3 fxe4 29. Qxe4 Rxf2 30. Kxf2 d5 31. Qe2 Qf6+ 32. Kg2 Nd6 33. Rf1 Qe7 34. Kg1 Re8 35. Re1 Qf6 36. Qf2 Qd8 37. Qf4 Bf7 38. Rxe8+ Nxe8 39. Ne2 Qe7 40. Kf2 Nd6 41. Bc2 Nc4 42. Nd4 Bh5 43. Bf5 Nxb2 44. Qb8+ Be8 45. Kg2 Nc4 46. Bg6 Nd6 47. a4 Kf8 48. h4 Qe5 49. Nf3 Qe2+ 50. Kg1 Ke7 51. Bxe8 Qxf3 52. Qc7+ Kxe8 53. Qxd6 Qe3+ 54. Kh2 Qe2+ 55. Kg1 Qe7 56. Qb8+ Kf7 57. Qf4+ Kg8 58. a5 Qd7 59. Qd4 Qe6 60. Qb6 Qe7 61. a6 Qe1+ 62. Kh2 Qe2+ 63. Kg1 Qxa6 64. Qe3 Qa1+ 65. Kh2 Qb2+ 66. Kh3 Qf6 67. Qe8+ Qf8 68. Qd7 Qf7 69. Qd6 Kh7 70. Kg2 Qf5 71. Qc5 Qe4+ 72. Kh3 d4 73. h5 Qd5 74. Kg4 Qd7+ 75. Kf3 d3 76. g4 d2 77. Qc2+ Kh8 78. Qd1 Qd3+ 79. Kf4 Kg8 80. b5 cxb5 81. Ke5 0-1

[Event "ISR-chT"]
[Site "Israel"]
[Date "2023.01.14"]
[Round "1.6"]
[White "Botvinnik, Mikhail I"]
[Black "Mordechai, Hanan"]
[Result "1-0"]
[WhiteElo "2338"]
[BlackElo "2353"]
[PlyCount "101"]
[EventDate "2023.01.11"]
[EventType "team-tourn"]
[EventRounds "11"]
[EventCountry "ISR"]
[SourceTitle "CBM 212 Extra"]
[Source "ChessBase"]
[SourceDate "2023.03.31"]
[SourceVersion "1"]
[SourceVersionDate "2023.03.31"]
[SourceQuality "1"]
[WhiteTeam "Ramat Gan Etude"]
[BlackTeam "Ramat Gan II"]
[WhiteTeamCountry "ISR"]
[BlackTeamCountry "ISR"]

1. c4 c6 2. Nf3 d5 3. d4 Nf6 4. Qc2 g6 5. Bf4 dxc4 6. Qxc4 Bg7 7. g3 Qb6 8. Qc1 Nd5 9. Be5 f6 10. Bxb8 Rxb8 11. Bg2 f5 12. Nc3 0-0 13. 0-0 Rd8 14. e3 Nxc3 15. bxc3 Be6 16. Qa3 Qc7 17. Rfb1 a6 18. Ng5 Bc4 19. Rb4 Qd6 20. Bf1 Bd5 21. c4 c5 22. dxc5 Qxc5 23. cxd5 a5 24. d6 Qxb4 25. Qxb4 axb4 26. Bc4+ e6 27. Rd1 Be5 28. d7 b5 29. Bb3 Kf8 30. Nxe6+ Ke7 31. Nxd8 Rxd8 32. h4 Bd6 33. Rd5 Rxd7 34. Rxb5 Rc7 35. Kg2 Kf8 36. Kf3 Kg7 37. Rb6 Rd7 38. g4 fxg4+ 39. Kxg4 Be7 40. h5 Bc5 41. Rc6 Be7 42. f4 gxh5+ 43. Kxh5 Rd2 44. e4 Rh2+ 45. Kg4 h5+ 46. Kf5 Rd2 47. Rc7 Kf8 48. e5 h4 49. Ke6 Bd8 50. Rf7+ Kg8 51. Rd7 1-0

[Event "ISR-ch sf"]
[Site "Ramat Gan"]
[Date "2022.06.27"]
[Round "7"]
[White "Mordechai, Hanan"]
[Black "Dvoirys, Semen I"]
[Result "1-0"]
[WhiteElo "2313"]
[BlackElo "2439"]
[PlyCount "66"]
[EventDate "2022.05.09"]
[EventType "swiss"]
[EventRounds "9"]
[EventCountry "ISR"]
[SourceTitle "EXT 2023"]
[Source "ChessBase"]
[SourceDate "2022.10.05"]
[SourceVersion "1"]
[SourceVersionDate "2022.10.05"]
[SourceQuality "1"]

1. e4 c5 2. Nf3 d6 3. d4 cxd4 4. Nxd4 Nf6 5. Nc3 a6 6. Bg5 e6 7. f4 Qb6 8. Qd2 Qxb2 9. Rb1 Qa3 10. e5 h6 11. Bh4 dxe5 12. fxe5 g5 13. exf6 gxh4 14. Be2 Qa5 15. 0-0 Nd7 16. Kh1 Qg5 17. Qd3 Nc5 18. Qc4 Bd7 19. Bf3 Rc8 20. Qe2 Bd6 21. Bxb7 Nxb7 22. Ne4 Qd5 23. Rxb7 h3 24. Nf3 hxg2+ 25. Kxg2 Bf4 26. Rxd7 Qxd7 27. Rd1 Qb5 28. Rd3 Rg8+ 29. Kf1 Qb1+ 30. Ne1 Qxa2 31. Qf2 Bb8 32. Qb6 Qa1 33. Qb4 e5 1-0